Pokémon - Attacken von Papungha in KA/PU - Statistiken

Allgemein
  • Dieses Quiz wurde 2 mal gespielt
  • Das Durchschnittsergebnis liegt bei 18 aus 59
Antwortstatistiken
Antwort % Korrekt
Absorber
100%
Baumwollsaat
100%
Egelsamen
100%
Energieball
100%
Gigasauger
100%
Megasauger
100%
Solarstrahl
100%
Aero-Ass
50%
Akrobatik
50%
Bodycheck
50%
Erholung
50%
Feenbrise
50%
Giftpuder
50%
Kraftabsorber
50%
Kugelsaat
50%
Platscher
50%
Raub
50%
Risikotackle
50%
Rutenschlag
50%
Samenbomben
50%
Schlafpuder
50%
Sonnentag
50%
Sprungfeder
50%
Stachelspore
50%
Synthese
50%
Tackle
50%
Wegbereiter
50%
Zauberblatt
50%
Anfallen
0%
Ausdauer
0%
Blättersturm
0%
Charme
0%
Delegator
0%
Fassade
0%
Gigastoß
0%
Grasfeld
0%
Hyperstrahl
0%
Kehrtwende
0%
Lichtschild
0%
Memento-Mori
0%
Notsituation
0%
Pollenknödel
0%
Rechte Hand
0%
Reflektor
0%
Regentanz
0%
Rückenwind
0%
Schlafrede
0%
Schleuder
0%
Schutzschild
0%
Schwerttanz
0%
Sorgensamen
0%
Stafette
0%
Strauchler
0%
Tera-Ausbruch
0%
Watteschild
0%
Wechseldich
0%
Wutpulver
0%
Zauberschein
0%
Zugabe
0%
Keine übereinstimmenden Quizze gefunden
Verteilung der Resultate
Anzahl Personen mit jedem Resultat
Perzentil nach korrekt beantworteten Fragen
Ihre Resultats-Entwicklung
Sie haben dieses Quiz noch nicht gespielt